000 00553nam a2200181 a 4500
001 000016379
005 20200929164410.0
008 100304s1983 dr 000 0 spa d
040 _aDO-SdBNP
_bspa
_cBNPHU
082 _axxx
_bC961p
245 0 0 _aCuadernos pedagógicos medidas y evaluación /
_cAna Dolores Guzmán de Camacho... [et al.].
260 _aSanto Domingo :
_bAlfa y Omega,
_c1983.
300 _a431 p. ;
_c21 cm.
490 1 _aEducativa
_v2
500 _aIncluye notas al pie de páginas
830 0 _aEducativa
_n2
_936525
049 _aBNPD
999 _c15914
_d15914